000 00361nam a2200145 i 4500
001 bg
100 1 _aCzarnecki, Witold
_d1927- ).
245 0 _aProjektowanie obiektów przemysłowych /
_cW. Czarnecki.
260 _aBiałystok,
_c1983.
040 _cBPK
041 _apol
080 _a725.4.02(075.8)
942 _cKS
008 s pl f |000 0 pol
999 _c823
_d823
856 _uhttp://koha.tu.koszalin.pl/cgi-bin/koha/opac-detail.pl?biblionumber=823
_yKatalog online BPK